000 01636nam a2200289Ia 4500
999 _c55832
_d55832
001 22929
003 GE_BSU
005 20230601160147.0
008 181216s ||||ge |||||||||||||| ||geo||
040 _cGE_BSU
041 _ageo
080 _a821.353.1.092 ი-54
100 _aინგოროყვა, პავლე
_91192
245 _aახალი ქართული ლიტერატურის ფუძემდებელნი :
_b ნიკოლოზ ბარათაშვილი. ილია ჭავჭავაძე. აკაკი წერეთელი /
_cპავლე ინგოროყვა ; რედ. ნ. ინასარიძე ; მხატვ. ლ. გრიგოლია.
264 _aთბილისი :
_bსაბჭოთა საქართველო,
_c1975.
300 _a375 გვ. ;
_c22 სმ.
541 _h2ლ.20თ.
653 _aახალი ქართული ლიტერატურის ფუძემდებელნი
653 _aნიკოლოზ ბარათაშვილი
653 _aილია ჭავჭავაძე
653 _aაკაკი წერეთელი
653 _aლიტერატურის ისტორია და კრიტიკა -- ქართული ლიტერატურა.
653 _aქართული ლიტერატურა
700 _aინასარიძე, ნ.
_eრედაქტორი
_91193
700 _aგრიგოლია, ლ.
_eმხატვარი
_918397
942 _cBK
_2udc